Izraelskie miasta - nagła śmierć - Statystyki

Ogólne statystyki
  • Ten quiz został rozwiązany 164 razy
  • Średni wynik to 5 z 7
Answers on the Grid
Answers color-coded by a green-red scale on the quiz's grid according to % correct below.
Jerozolima
Teheran
Rijad
Ankara
Bejrut
Safed
Ejlat
Damaszek
Beer Szewa
Al Mansura
Tel Awiw-Jafa
Ad-Dauha
Hajfa
Maskat
Abudża
Holon
 
Statystyki odpowiedzi
Odpowiedź % Poprawnych
Jerozolima
99%
Tel Awiw-Jafa
84%
Hajfa
77%
Beer Szewa
70%
Ejlat
61%
Safed
52%
Holon
50%
Nie znaleziono quizów pasujących do podanych kryteriów
Rozkład punktacji
Procent ludzi z każdym wynikiem
Percentyl według liczby udzielonych odpowiedzi
Twoja historia wyników
Nie rozwiązałeś tego quizu